| 000 | 00338nam a2200133Ia 4500 | ||
|---|---|---|---|
| 008 | 150202s9999 xx 000 0 und d | ||
| 020 | _a753457350 | ||
| 050 |
_aFIC _bFIC |
||
| 100 | _aDurant, Alan. | ||
| 245 |
_aVampire / _cAlan Durant. |
||
| 260 |
_aIndia : _bKingfisher, _c1998. |
||
| 300 |
_a220 pages : _c18 cm. |
||
| 650 | _aFiction. | ||
| 999 |
_c281985 _d281985 |
||